Capitali che terminano con la R - Statistics

Statistiche generali
  • Questo quiz è stato fatto 44 volte
  • Il punteggio medio è 3 su 5
Statistiche sulle risposte
Popolazione (ab.) Continente Capitale % Corretto
7 321 Oceania Palikir
74%
1 146 053 Africa Dakar
70%
1 773 436 America del Nord San Salvador
70%
1 390 000 Asia Ulan Bator
67%
1 796 200 Asia Kuala Lumpur
41%
Nessun quiz corrispondente trovato
Distribuzione punteggi
Percentuale di utenti per punteggio
Percentile per numero di risposta
I tuoi punteggi nel tempo
Non hai fatto questo quiz